000 00561nam a2200193Ia 4500
008 131103s9999 xx 000 0 und d
020 _a9.79E+12
_cRs.250.00
040 _aLoreto College
041 _aEnglish
082 _a491.43/BHA
_bLCLIB/HINSEMLIB 823,835/49041,49063
100 _aBhatia,Kailash Chandra
245 _aAnuvad kala
_b Siddhant aur prayog
_cKailash Chandra Bhatia
260 _aNew Delhi
_bTakshila Prakashan
_c2008
300 _a190p
_c 22cm
650 _aHindi language
651 _aHindi grammar
850 _aLCLIB/
942 _cBK
999 _c37599
_d88078